header

Social change and political transformation (Record no. 171550)

MARC details
000 -LEADER
fixed length control field 01379nam a2200373Ia 4500
082 04 - DEWEY DECIMAL CLASSIFICATION NUMBER
Classification number 303.4094
245 00 - TITLE STATEMENT
Title Social change and political transformation
260 ## - PUBLICATION, DISTRIBUTION, ETC. (IMPRINT)
Place of publication London :
Name of publisher UCL Press,
Year of publication 1994.
300 ## - PHYSICAL DESCRIPTION
Number of Pages ix, 210 p. :
Other physical details ill.
490 1# - SERIES STATEMENT
Series statement A New Europe
650 #0 - SUBJECT ADDED ENTRY--TOPICAL TERM
Topical Term Social change.
700 1# - ADDED ENTRY--PERSONAL NAME
Personal name Rootes, Chris,
Personal name Davis, Howard H.
856 40 - ELECTRONIC LOCATION AND ACCESS
Uniform Resource Identifier http://site.ebrary.com/lib/rucke/Doc?id=10058394

No items available.

© 2026 Rongo University
Contact us: librarian | system librarian | Rongo university